00835nam a22002177a 4500999001500000001000500015003000900020005001700029008004100046040003800087082002200125100001900147245005000166260004100216300002500257650003800282650004700320942001200367952011900379952011900498 c7644d76449481BD-DhUAP20210127151812.0210127q pk ||||| |||| 00| 0 eng d aBD-DhUAPbEngcBD-DhUAPdBD-DhUAP 223a346.5491 FAR  aFarani, Mr. M. aManual of trade marks, laws /cMr. M. Farani. aLahore :bNadeem Law Book, c[...?]. a552 pages ;c22 cm.  aIntellectual property zPakistan. aTrademarksvLaw and legislationzPakistan. 2ddccBK 00102ddc4070aUAPCLbUAPCLcReserve Stacksd2021-01-27o346.5491 FARp3010009481r2021-01-27t1w2021-01-27yBK 00102ddc4070aUAPCLbUAPCLcReserve Stacksd2021-01-27o346.5491 FARp3010009061r2021-01-27t2w2021-01-27yBK